Über Gruppen, deren sämtliche nicht-triviale Potenzen zyklische Untergruppen der Gruppe sind

Elmentve itt :
Bibliográfiai részletek
Szerző: Szász Ferenc
Dokumentumtípus: Cikk
Megjelent: 1956
Sorozat:Acta scientiarum mathematicarum 17
Kulcsszavak:Természettudomány, Matematika, Művelődés
Online Access:http://acta.bibl.u-szeged.hu/13801
LEADER 00676nab a2200181 i 4500
001 acta13801
005 20210412100924.0
008 161015s1956 hu o 0|| ger d
022 |a 0001-6969 
040 |a SZTE Egyetemi Kiadványok Repozitórium  |b hun 
041 |a ger 
100 1 |a Szász Ferenc 
245 1 0 |a Über Gruppen, deren sämtliche nicht-triviale Potenzen zyklische Untergruppen der Gruppe sind  |h [elektronikus dokumentum] /  |c  Szász Ferenc 
260 |c 1956 
300 |a 83-84 
490 0 |a Acta scientiarum mathematicarum  |v 17 
695 |a Természettudomány, Matematika, Művelődés 
856 4 0 |u http://acta.bibl.u-szeged.hu/13801/1/math_017_083-084.pdf  |z Dokumentum-elérés